Consideraciones sobre la desaparición de los residuos pasivos en la administración nacional a partir del ejercicio 1993 (Registro nro. 31541)

Detalles MARC
000 -LEADER
fixed length control field 00433 a2200121 4500
001 - CONTROL NUMBER
control field ART_30455
005 - DATE AND TIME OF LATEST TRANSACTION
control field 20260410162004.0
008 - FIXED-LENGTH DATA ELEMENTS--GENERAL INFORMATION
fixed length control field 260409a
100 1# - MAIN ENTRY--PERSONAL NAME
Personal name Le Pera, Alfredo
245 10 - TITLE STATEMENT
Title Consideraciones sobre la desaparición de los residuos pasivos en la administración nacional a partir del ejercicio 1993
700 1# - ADDED ENTRY--PERSONAL NAME
Personal name Permuy, Juan
773 0# - HOST ITEM ENTRY
Title Boletín Informativo ASAP
Related parts - Nº 23 (ago. 1994)
Record control number REV30391

No hay ítems disponibles.